| 000 | 01029 a2200445 4500 | ||
|---|---|---|---|
| 000 | BKB | ||
| 001 | 070215 | ||
| 005 | 20200902150805.0 | ||
| 008 | |||
| 010 | _a | ||
| 020 | _a | ||
| 082 |
_a808.066355 _bM28C |
||
| 100 | 1 | _aMajor, James S. | |
| 110 | _a | ||
| 245 | 1 |
_aCommunicating with intelligence _cby James S. Major |
|
| 250 | _a | ||
| 260 |
_aNew Delhi _bConcept Publishing _c2010 |
||
| 300 | _a420p. | ||
| 490 |
_a _v |
||
| 500 | _a | ||
| 600 | _a | ||
| 610 | _a | ||
| 611 | _a | ||
| 630 | _a | ||
| 650 | _a | ||
| 651 | _a | ||
| 654 | _a | ||
| 690 | _aCommunications, Military; Oral communication; Briefing, Military; Composition (Language arts); Military intelligence; Business presentations; English language--Composition and exercises | ||
| 700 |
_a _b _c |
||
| 710 |
_a _b _c |
||
| 711 | _a | ||
| 720 | _a | ||
| 730 | _a | ||
| 740 | _a | ||
| 752 | _a | ||
| 856 |
_a _d _f |
||
| 904 | _a | ||
| 964 |
_a _b _c _d _e _f _g |
||
| 965 | _a | ||
| 999 |
_c3671 _d3671 |
||